000 00363nam a2200133Ia 4500
008 151001s9999||||xx |||||||||||||| ||und||
100 _aसुमती कुकडे
245 _aफळांचा खजिना-पंचगुणी पेरू
250 _a1
260 _bमानस
260 _c2001
300 _a14
365 _b24
999 _c985743
_d985740